Evaluation of low cost traffic management technique used to reduce conflict points and congestion at signalized intersections in Islamabad (Record no. 551091)
[ view plain ]
| 000 -LEADER | |
|---|---|
| fixed length control field | 00464nam a22001457a 4500 |
| 082 ## - DEWEY DECIMAL CLASSIFICATION NUMBER | |
| Classification number | P-411B |
| 100 ## - MAIN ENTRY--PERSONAL NAME | |
| Personal name | Hussam Uddin |
| 9 (RLIN) | 48050 |
| 245 ## - TITLE STATEMENT | |
| Title | Evaluation of low cost traffic management technique used to reduce conflict points and congestion at signalized intersections in Islamabad |
| Statement of responsibility, etc. | Hussam Uddin, Zeeshan Younas |
| 260 ## - PUBLICATION, DISTRIBUTION, ETC. | |
| Place of publication, distribution, etc. | MCE |
| 300 ## - PHYSICAL DESCRIPTION | |
| Extent | 105 p. |
| 526 ## - STUDY PROGRAM INFORMATION NOTE | |
| Program name | 0 |
| Interest level | 0 |
| Reading level | 0 |
| Title point value | P_411B |
| 650 ## - SUBJECT ADDED ENTRY--TOPICAL TERM | |
| Topical term or geographic name entry element | MCE |
| 9 (RLIN) | 379 |
| 700 ## - ADDED ENTRY--PERSONAL NAME | |
| Personal name | Dr Kamran Ahmed |
| 9 (RLIN) | 16277 |
| 942 ## - ADDED ENTRY ELEMENTS (KOHA) | |
| Source of classification or shelving scheme | |
| Koha item type | Book |
| Withdrawn status | Lost status | Source of classification or shelving scheme | Damaged status | Not for loan | Permanent Location | Current Location | Date acquired | Total Checkouts | Full call number | Barcode | Date last seen | Price effective from | Koha item type |
|---|---|---|---|---|---|---|---|---|---|---|---|---|---|
| Military College of Engineering (MCE) | Military College of Engineering (MCE) | 12/03/2014 | P-411B | MCE-P-411 B | 12/03/2014 | 12/03/2014 | Book |
